Načítá se...
Introduction to microprocessors
| Hlavní autor: | |
|---|---|
| Médium: | Printed Book |
| Vydáno: |
New Delhi
TMH
1998
|
| Vydání: | 3rd ed. |
| Témata: |
| LEADER | 00516cam a2200169ua 4500 | ||
|---|---|---|---|
| 020 | |a 0-07-460222-5 | ||
| 082 | |a 004.16 |b ADI/I | ||
| 100 | |a Aditya P Mathur | ||
| 245 | 0 | 0 | |a Introduction to microprocessors |
| 250 | |a 3rd ed. | ||
| 260 | |a New Delhi |b TMH |c 1998 | ||
| 300 | |a xx,612p. | ||
| 500 | |a Includes index. | ||
| 650 | 0 | |a Microprocessors- Computer science | |
| 942 | |c BK | ||
| 999 | |c 422 |d 422 | ||
| 952 | |0 0 |1 0 |4 0 |6 004_160000000000000_ADII |7 0 |9 449 |a KUCL |b KUCL |d 2014-05-23 |l 6 |m 2 |o 004.16 ADI/I |p 03522 |r 2018-09-29 |s 2018-09-03 |y BK | ||